Statistics for Ultimate Misspelled Words Quiz

Click here to take the quiz!

General Stats

  • This quiz has been taken 161 times
    (149 since last reset)
  • The average score is 44 of 62

Answer Stats

MisspelledCorrect% Correct
AcceptibleAcceptable
97%
AcheiveAchieve
95%
BaloonBalloon
92%
BeleiveBelieve
92%
CalenderCalendar
92%
AccomodateAccommodate
86%
CatagoryCategory
85%
FebuaryFebruary
84%
AdultaryAdultery
83%
GrammerGrammar
83%
AbsorbantAbsorbent
82%
CemetaryCemetery
82%
FourtyForty
82%
GovermentGovernment
82%
AquireAcquire
81%
GuidenceGuidance
81%
IndependantIndependent
81%
MinatureMiniature
81%
IgnorenceIgnorance
80%
DumbellDumbbell
79%
EmbarassEmbarrass
79%
ExistanceExistence
79%
IntelliganceIntelligence
79%
LabratoryLaboratory
79%
ConcieveConceive
78%
HearthrobHeartthrob
77%
HipocriteHypocrite
77%
CarribeanCaribbean
76%
NoticableNoticeable
76%
ResterauntRestaurant
76%
SuceedSucceed
76%
AquitAcquit
75%
CamoflageCamouflage
75%
SupriseSurprise
75%
WendsdayWednesday
75%
OccassionallyOccasionally
74%
ParlimentParliament
73%
SiezeSeize
73%
HygenicHygienic
72%
RepititionRepetition
72%
SophmoreSophomore
71%
WitholdWithhold
71%
Kernel (Military Term)Colonel
69%
PriviligePrivilege
69%
PilgramagePilgrimage
66%
IndispensibleIndispensable
63%
MischeviousMischievous
63%
PerseverencePerseverance
60%
OddessyOdyssey
59%
SummersaltSomersault
56%
SynonomousSynonymous
55%
BellweatherBellwether
54%
LiasonLiaison
52%
MasoleumMausoleum
51%
SherbertSherbet
51%
RecuiemRequiem
49%
InnoculateInoculate
47%
ExilerateExhilarate
45%
PerogativePrerogative
44%
ParaphenaliaParaphernalia
39%
DaquiriDaiquiri
34%
YamakaYarmulke
23%

Score Distribution

Percentile by Number Answered

Percent of People with Each Score

Your Score History

You have not taken this quiz since the last reset